Về điêu khắc ngoài trời ở Trung Quốc hiện nay /

Enregistré dans:
Détails bibliographiques
Auteur principal: Trần Khánh Chương.
Format: Article
Langue:Vietnamese
Sujets:
Tags: Ajouter un tag
Pas de tags, Soyez le premier à ajouter un tag!
Thư viện lưu trữ: Thư viện Trường Đại học Đà Lạt
LEADER 00775nam a2200265 4500
001 DLU090079866
005 ##20090619
040 # # |a DLU  |b vie 
041 # # |a vie 
044 # # |a vn 
100 # # |a Trần Khánh Chương. 
245 # # |a Về điêu khắc ngoài trời ở Trung Quốc hiện nay /  |c Trần Khánh Chương. 
653 # # |a Điêu khắc 
653 # # |a Nghệ thuật tạo hình 
653 # # |a Trung Quốc 
773 # # |t Văn hoá Nghệ thuật  |g Số 2(164), 1998, tr. 70-73 
920 # # |a Phòng Tạp chí -- Trung tâm Thông tin - Thư viện Trường Đại học Đà Lạt 
994 # # |a DLU 
900 # # |a True 
911 # # |a Đào Thị Thu Huyền 
925 # # |a G 
926 # # |a A 
927 # # |a BB 
980 # # |a Thư viện Trường Đại học Đà Lạt